|
|
|
|
| LEADER |
01151nam a2200289 a 4500 |
| 001 |
15652014 |
| 008 |
100708s2009 caua 001 0 eng d |
| 010 |
|
|
|a 2009277066
|
| 020 |
|
|
|a 9788184891522
|
| 020 |
|
|
|a 9781430210610 (pbk.)
|
| 020 |
|
|
|a 1430210613 (pbk.)
|
| 040 |
|
|
|a WGM
|c WGM
|d BWX
|d MVP
|d OCLCQ
|d CDX
|d IXA
|d DLC
|d DB-DhAAL
|
| 082 |
0 |
4 |
|a 005.13/3
|2 22
|
| 100 |
1 |
|
|a Rischpater, Ray.
|
| 245 |
1 |
0 |
|a Beginning Java ME platform /
|c Ray Rischpater.
|
| 260 |
|
|
|a Berkeley, CA :
|b Apress ;
|a New York :
|b Distributed to the Book trade worldwide by Springer-Verlag,
|c c2009.[reprinted]
|
| 300 |
|
|
|a xxix, 569 p. :
|b ill. ;
|c 24 cm.
|
| 490 |
1 |
|
|a The expert's voice in open source
|
| 504 |
|
|
|a Includes index.
|
| 541 |
1 |
|
|e 00020612
|
| 650 |
|
0 |
|a Java (Computer program language)
|
| 650 |
|
0 |
|a Application software
|x Development.
|
| 830 |
0 |
|
|a Expert's voice in open source.
|
| 852 |
4 |
|
|a Ayesha Abed Library
|j General Shelf.
|
| 942 |
0 |
0 |
|0 1
|
| 999 |
|
|
|c 9226
|d 9226
|
| 952 |
|
|
|0 0
|1 0
|2 ddc
|4 0
|6 005_133000000000000_RIS_2009
|7 0
|9 11664
|a BRACUL
|b BRACUL
|c GEN
|d 2010-08-23
|e Karim International
|l 7
|m 14
|o 005.133 RIS
|p 3010020612
|r 2019-12-03
|s 2019-09-26
|t 1
|w 2010-08-23
|y BK
|